书目信息 |
| 题名: |
编码调制技术原理及应用
|
|
| 作者: | 袁东风 , 张海霞 编著 | |
| 分册: | ||
| 出版信息: | 北京 清华大学出版社 2006 |
|
| 页数: | 11,226页 | |
| 开本: | 26cm | |
| 丛书名: | ||
| 单 册: | ||
| 中图分类: | TN914.3 , TN911.3 | |
| 科图分类: | ||
| 主题词: | 数字通信--教材--高等学校--信源编码--数字调制 , 通信理论 | |
| 电子资源: | ||
| ISBN: | 7-302-12179-6 | |
| 000 | 01106nam0 2200289 450 | |
| 000 | 01061nam0 2200265 450 | |
| 000 | 00991nam0 2200241 450 | |
| 000 | 00954nam0 2200229 450 | |
| 005 | 20070602102203.09 | |
| 010 | @a7-302-12179-6@dCNY25.00 | |
| 100 | @a20060104d2006 em y0chiy50 ea | |
| 101 | 0 | @achi |
| 102 | @aCN@b110000 | |
| 105 | @ay z 000yy | |
| 200 | 1 | @a编码调制技术原理及应用@ABian Ma Diao Zhi Ji Shu Yuan Li Ji Ying Yong@b专著@f袁东风,张海霞编著@FYuan Dong Feng, Zhang Hai Xia Bian Zhu |
| 210 | @a北京@c清华大学出版社@d2006 | |
| 215 | @a11,226页@d26cm | |
| 300 | @a高等院校信息与通信工程系列教材/陈俊亮主编 | |
| 330 | @a本书系统介绍了编码调制技术的最新进展、各种设计方案以及近年来笔者所在的“无线移动通信与传输”研究组取得的研究成果,较充分地反映了编码调制技术在现代数字通信中的设计和应用。 | |
| 606 | 0 | @a数字通信@j教材@x高等学校@x信源编码@x数字调制 |
| 606 | 0 | @a通信理论 |
| 690 | @aTN914.3@v4 | |
| 690 | @aTN911.3@v3 | |
| 701 | 0 | @a袁东风@AYuan Dong Feng@4编著 |
| 701 | 0 | @a张海霞@AZhang Hai Xia@4编著 |
| 801 | 0 | @aCN@bTAOJIN@c20070602 |
| 905 | @a10447@dTN911.3@e95 | |
| 编码调制技术原理及应用/袁东风,张海霞编著.-北京:清华大学出版社,2006 |
| 11,226页;26cm |
| 高等院校信息与通信工程系列教材/陈俊亮主编 |
| ISBN 7-302-12179-6:CNY25.00 |
| 本书系统介绍了编码调制技术的最新进展、各种设计方案以及近年来笔者所在的“无线移动通信与传输”研究组取得的研究成果,较充分地反映了编码调制技术在现代数字通信中的设计和应用。 |
| ● |
| 相关链接 |
|
|
|
|
正题名:编码调制技术原理及应用
索取号:TN911.3/95
 
预约/预借
| 序号 | 登录号 | 条形码 | 馆藏地/架位号 | 状态 | 备注 |
| 1 | 0524515 | 205245153 | 第二样本阅览室/ [索取号:TN911.3/95] | 在馆 | |
| 2 | 0524516 | 205245162 | 第三借阅区/ [索取号:TN911.3/95] | 在馆 | |
| 3 | 0524517 | 205245171 | 第三借阅区/ [索取号:TN911.3/95] | 在馆 | |
| 4 | 0524518 | 205245180 | 第三借阅区/ [索取号:TN911.3/95] | 在馆 | |
| 5 | 0524519 | 205245199 | 第三借阅区/ [索取号:TN911.3/95] | 在馆 | |
| 6 | 0524520 | 205245206 | 第三借阅区/ [索取号:TN911.3/95] | 在馆 | |
| 7 | 0524521 | 205245215 | 第三借阅区/ [索取号:TN911.3/95] | 在馆 | |
| 8 | 0524522 | 205245224 | 第三借阅区/ [索取号:TN911.3/95] | 在馆 |